00325nam a2200121Ia 4500008004100000041000800041082001400049100002000063245004500083260004200128300002400170365000900194240624s9999 xx 000 0 und d aeng a332.6 FAB aFABOZZI FRANK J aROBUST PORTFOLIO OPTIMIZATION AND MANAGE c2007aNew JerseybJohn Wiley and Sons a495 : p. : cm. ; 26 cb30